London Portrait of a city

Đã lưu trong:
Bibliografiske detaljer
Format: Bog
Sprog:Undetermined
Udgivet: London Foreign and Commonwealth Office 1996
Fag:
Tags: Tilføj Tag
Ingen Tags, Vær først til at tagge denne postø!
Thư viện lưu trữ: Trung tâm Học liệu Trường Đại học Cần Thơ
LEADER 00477nam a2200169Ia 4500
001 CTU_34253
008 210402s9999 xx 000 0 und d
082 |a 914.2 
082 |b L847 
245 0 |a London 
245 0 |b Portrait of a city 
260 |a London 
260 |b Foreign and Commonwealth Office 
260 |c 1996 
650 |a england - description and travel 
904 |i Nguyễn Quang Điền, 991130 
980 |a Trung tâm Học liệu Trường Đại học Cần Thơ